000 00770nam a2200253Ia 4500
008 160303s9999 xx 000 0 und d
020 _a971-821-028-8
050 _aFIL PL 5665.25
050 _b.K66 2002
245 _aKomunikasyon sa makabagong panahon :
245 _bbatayan at sanayang-aklat sa Filipino 3, antas-tersyaryo /
245 _cRolando A Ber Bernales.
260 _aValenzuela City:
260 _bMega-Jesta Prints, Inc.
260 _c2002
300 _a307 pages :
300 _billustrations ;
300 _c25 cm.
500 _aIncludes bibliographical references.
650 _aFilipino language --
650 _aFilipino language --
650 _xProblems, exercises, etc.
650 _xRhetoric -- Study and teaching (Higher).
999 _c291254
_d291254